|
|
|
|
| LEADER |
00000cam a2200000 7i4500 |
| 001 |
0000000697 |
| 005 |
20000923.0 |
| 020 |
0 |
0 |
|a 0471130737
|
| 090 |
0 |
0 |
|a 363.7
|b HOR 1997
|
| 100 |
1 |
0 |
|a HOREL
|h John
|
| 245 |
1 |
0 |
|a Global environmental change :
|b An atmospheric perpsective
|c John Horel and Jack Geisler
|
| 260 |
0 |
0 |
|a New York :
|b J. Wiley ,
|c 1997
|
| 300 |
|
|
|a viii, 152 p. :
|b ill. ;
|c 23 cm.
|
| 500 |
0 |
0 |
|a Includes index
|
| 650 |
0 |
0 |
|a Global Environmental change
|
| 650 |
0 |
0 |
|a Global warming
|
| 650 |
0 |
0 |
|a Internet (Computer network)
|
| 650 |
0 |
0 |
|a Ozone layer depletion
|
| 700 |
0 |
1 |
|a Geisler
|h Jack
|
| 999 |
|
|
|a 0000001901
|b Monograph
|c Open Shelf
|e Default branch
|